[Event "Bottrop-Katernberg 2"]
[Site "?"]
[Date "2023.03.19"]
[Round "6.7"]
[White "Gehrmann, Ulrich"]
[Black "Jaeger, Heinz"]
[Result "0-1"]
[WhiteElo "1972"]
[BlackElo "1966"]
[PlyCount "54"]
[SourceDate "2022.10.02"]

1. e4 g6 2. d4 d6 3. Nc3 Bg7 4. f4 Nf6 5. Nf3 O-O 6. a3 Nfd7 7. Be3 c6 8. Qd2
b5 9. Be2 Nb6 10. b3 a6 11. Rd1 d5 12. O-O Ra7 13. e5 Re8 14. Bd3 f5 15. exf6
exf6 16. f5 g5 17. h4 h6 18. Bf2 Bf8 19. Bg3 Bd6 20. Bxd6 Qxd6 21. hxg5 hxg5
22. Nxg5 fxg5 23. f6 Qg3 24. Rf3 Qh4 25. Rdf1 Kf7 26. Bf5 g4 27. Rf4 Bxf5 0-1

[Event "Bottrop-Katernberg 2"]
[Site "?"]
[Date "2023.03.19"]
[Round "6.8"]
[White "Tochtrop, Lothar"]
[Black "Rasch, Lukas"]
[Result "0-1"]
[WhiteElo "1998"]
[BlackElo "1629"]
[PlyCount "64"]
[SourceDate "2022.10.02"]

1. e4 e6 2. d4 d5 3. Nd2 c5 4. exd5 Qxd5 5. Ngf3 cxd4 6. Bc4 Qc5 7. O-O Nf6 8.
Qe2 Nc6 9. Nb3 Qb6 10. Rd1 Bc5 11. a4 a6 12. a5 Qa7 13. Nxc5 Qxc5 14. b3 Bd7
15. Ba3 Qxa5 16. Nxd4 Qe5 17. Qd3 Qxd4 18. Qxd4 Nxd4 19. Rxd4 O-O-O 20. Be7
Rde8 21. Bd6 Bc6 22. b4 b5 23. Bf1 Kb7 24. c4 Ra8 25. f3 Rhd8 26. c5 Ne8 27.
Bd3 Nxd6 28. cxd6 Bd5 29. Be4 Rxd6 30. Re1 Rad8 31. Red1 f5 32. Bc2 Kc7 0-1

[Event "Horst- Emscher 2- Listiger Bauer"]
[Site "?"]
[Date "2023.03.19"]
[Round "6.1"]
[White "Kunisch, Siegfried"]
[Black "Doenges, Dirk"]
[Result "1-0"]
[WhiteElo "2109"]
[BlackElo "1840"]
[PlyCount "35"]
[SourceDate "2022.10.02"]

1. e4 c5 2. Nc3 Nc6 3. g3 d6 4. Bg2 e5 5. d3 f5 6. f4 Nf6 7. Nf3 Be7 8. O-O O-O
9. h3 g6 10. fxe5 Nxe5 11. Bh6 Nxf3+ 12. Qxf3 Rf7 13. exf5 Bxf5 14. g4 Be6 15.
Qe2 Qc8 16. Rae1 Bd7 17. Nd5 Bd8 18. g5 1-0

[Event "Horst- Emscher 2- Listiger Bauer"]
[Site "?"]
[Date "2023.03.19"]
[Round "6.2"]
[White "Schorra, Helmut"]
[Black "Mandl, Stefan"]
[Result "0-1"]
[WhiteElo "2108"]
[BlackElo "2004"]
[Annotator "daniel"]
[PlyCount "128"]
[SourceDate "2022.10.02"]

1. e4 c5 2. Nf3 d6 3. d4 cxd4 4. Nxd4 Nf6 5. f3 Nc6 6. c4 Qb6 7. Nc2 e6 8. Nc3
Be7 9. Rb1 O-O 10. Be3 Qc7 11. Be2 Bd7 12. O-O Ne5 13. b3 a6 14. f4 Ng6 15. Qe1
Bc6 16. Bf3 b6 17. Nd4 Bb7 18. f5 exf5 19. Nxf5 Rfe8 20. Rc1 Bf8 21. Qf2 Nd7
22. Nd5 Bxd5 23. exd5 Nge5 24. Qg3 Kh8 25. Be4 Nc5 26. Bb1 g6 27. Nh4 Bg7 28.
Kh1 a5 29. Bd4 Re7 30. Rce1 Rae8 31. Qh3 Kg8 32. Qc3 Qc8 33. h3 Qd8 34. Qg3 Qc7
35. Bb2 Qd8 36. Bc1 Ned7 37. Rxe7 Qxe7 38. Nf3 Ne5 39. Bg5 Bf6 40. Bf4 Qd8 41.
Nd4 Bg7 42. Bg5 Qc7 43. Qe3 Qb8 44. Qf4 Qc7 45. Bf6 Bxf6 46. Qxf6 Qe7 47. Nb5
Nb7 48. Qf4 Nc5 49. Qg3 Kg7 50. Nd4 Kh8 51. Rf2 Qf8 52. Rf6 Ncd7 53. Rf1 Nc5
54. Qg5 Qe7 55. Qf4 Kg8 56. Qg3 Kh8 57. h4 Qd7 58. Nb5 Nb7 59. Qf4 Kg8 60. Bc2
Qg4 61. Qf2 Re7 62. Bd1 Qe4 63. Qf6 Nd7 64. Qf2 Ne5 {ZÃo} 0-1

[Event "Horst- Emscher 2- Listiger Bauer"]
[Site "?"]
[Date "2023.03.19"]
[Round "6.3"]
[White "Ball, Joerg"]
[Black "Wilbert, Siegfried"]
[Result "1-0"]
[WhiteElo "1945"]
[BlackElo "1989"]
[PlyCount "91"]
[SourceDate "2022.10.02"]

1. e4 c5 2. c4 Nc6 3. Nc3 g6 4. g3 Bg7 5. Bg2 d6 6. h3 Be6 7. d3 Nf6 8. Nge2
O-O 9. O-O Rb8 10. Be3 Qc8 11. Kh2 Ne8 12. f4 f5 13. b3 Nd4 14. Rc1 a6 15. Nd5
Qd8 16. Qe1 Nxe2 17. Qxe2 Bd7 18. e5 e6 19. Nc3 dxe5 20. Bxc5 exf4 21. gxf4 Rf7
22. Qe3 Bc8 23. Ba7 Ra8 24. Bb6 Qh4 25. Qg3 Qf6 26. d4 Bh6 27. Rcd1 Ng7 28. Bf3
e5 29. Nd5 Qe6 30. dxe5 Kh8 31. c5 Rd7 32. Nc7 Qe7 33. Nxa8 Ne6 34. Qe1 Bxf4+
35. Kh1 g5 36. Rxd7 Bxd7 37. Nc7 Nd4 38. Bxb7 Bxe5 39. Bg2 f4 40. c6 Nxc6 41.
Qe4 Qg7 42. Rd1 g4 43. Rxd7 Qxd7 44. Qxc6 Qd1+ 45. Bg1 f3 46. Qe8+ 1-0

[Event "Horst- Emscher 2- Listiger Bauer"]
[Site "?"]
[Date "2023.03.19"]
[Round "6.4"]
[White "Verfuerth, Christian"]
[Black "Brandhorst, Dieter"]
[Result "1-0"]
[WhiteElo "1974"]
[BlackElo "2103"]
[PlyCount "75"]
[SourceDate "2022.10.02"]

1. d4 Nf6 2. Nf3 d5 3. e3 e6 4. Bd3 c5 5. b3 Nc6 6. Bb2 b6 7. Nbd2 Bb7 8. O-O
Be7 9. Ne5 O-O 10. f4 Rc8 11. a3 Qc7 12. Qe2 cxd4 13. exd4 Nxe5 14. fxe5 Ne4
15. Rac1 Bg5 16. Bxe4 dxe4 17. c4 Qc6 18. Rcd1 Rcd8 19. Rfe1 Bh4 20. Rf1 f5 21.
exf6 Bxf6 22. Qe3 h6 23. Rfe1 Bh4 24. Re2 e5 25. d5 Qe8 26. Qxe4 Rf4 27. Qd3
Bf6 28. Ne4 Bc8 29. Re3 Bf5 30. Nxf6+ gxf6 31. Rg3+ Kh7 32. Qe2 h5 33. Rf1 Bg4
34. Qe1 Rxf1+ 35. Qxf1 Qe7 36. Qd3+ Kh8 37. h3 e4 38. Qe3 1-0

[Event "Horst- Emscher 2- Listiger Bauer"]
[Site "?"]
[Date "2023.03.19"]
[Round "6.5"]
[White "Wagner, Ole"]
[Black "Tobczewski, Peter"]
[Result "1-0"]
[WhiteElo "1892"]
[BlackElo "1971"]
[PlyCount "83"]
[SourceDate "2022.10.02"]

1. Nf3 c5 2. b3 d5 3. Bb2 Nc6 4. e3 Bg4 5. Bb5 a6 6. Bxc6+ bxc6 7. h3 Bh5 8. d3
e6 9. Nbd2 Nf6 10. Qe2 Be7 11. g4 Bg6 12. Ne5 Qc7 13. h4 h6 14. f4 Bf8 15.
O-O-O Nd7 16. e4 d4 17. Ndc4 Bd6 18. Nxg6 fxg6 19. e5 Be7 20. Qe4 Nf8 21. Rdf1
O-O-O 22. a4 Kb7 23. Kb1 Qd7 24. Bc1 Qd5 25. Qe2 Nd7 26. Bd2 Rdf8 27. h5 gxh5
28. Rxh5 g6 29. Rh3 Rf7 30. Rfh1 Rfh7 31. Na5+ Ka7 32. Qe4 Qxe4 33. dxe4 Kb6
34. Nc4+ Kc7 35. f5 Nf8 36. Rxh6 g5 37. f6 Bxf6 38. Rxh7+ Rxh7 39. Rxh7+ Nxh7
40. exf6 Nxf6 41. Bxg5 Nxg4 42. Bf4+ 1-0

[Event "Horst- Emscher 2- Listiger Bauer"]
[Site "?"]
[Date "2023.03.19"]
[Round "6.6"]
[White "Hiebsch, Catalina"]
[Black "Petri, Norbert"]
[Result "1-0"]
[WhiteElo "1821"]
[BlackElo "2110"]
[PlyCount "95"]
[SourceDate "2022.10.02"]

1. e4 d6 2. Nc3 g6 3. Bc4 Bg7 4. d3 e6 5. f4 Ne7 6. Nf3 c5 7. O-O Nbc6 8. a3
O-O 9. Qe1 a6 10. a4 b6 11. Qf2 Bb7 12. Bb3 Rc8 13. Ne2 d5 14. c3 Na5 15. Bc2
c4 16. e5 cxd3 17. Bxd3 Nb3 18. Rb1 Nxc1 19. Rfxc1 Nc6 20. Ned4 Qc7 21. Qe2 Nb8
22. g3 Rfe8 23. h4 Qe7 24. Re1 Qd7 25. Qc2 Bf8 26. h5 Bc5 27. Re2 Nc6 28. Qd1
Na5 29. Rh2 Kg7 30. Kg2 Nc4 31. Bxc4 Bxd4 32. Bxa6 Bxa6 33. Nxd4 Bb7 34. h6+
Kg8 35. Kf3 Ra8 36. b3 Rec8 37. Rc2 Bc6 38. Nxc6 Rxc6 39. c4 Rac8 40. Rbc1 Qc7
41. Qd4 Qe7 42. Ke2 Qf8 43. Rh1 Qb4 44. Qc3 Qc5 45. Qd3 Qf8 46. g4 f6 47. f5
Qf7 48. fxg6 1-0

[Event "Horst- Emscher 2- Listiger Bauer"]
[Site "?"]
[Date "2023.03.19"]
[Round "6.7"]
[White "Reich, Andreas"]
[Black "Schreiner, Paulo"]
[Result "1-0"]
[WhiteElo "1778"]
[BlackElo "1891"]
[PlyCount "83"]
[SourceDate "2022.10.02"]

1. c4 d5 2. cxd5 Nf6 3. Nf3 Nxd5 4. d4 g6 5. e4 Nf6 6. Nc3 Bg7 7. h3 O-O 8. Bc4
c6 9. O-O b5 10. Bd3 Bb7 11. Re1 a6 12. Bg5 Qc7 13. Rc1 e6 14. Qb3 c5 15. dxc5
Nbd7 16. Nd1 Ne5 17. Nxe5 Qxe5 18. Be3 Bxe4 19. f3 Bd5 20. Qa3 Bxf3 21. gxf3
Qg3+ 22. Kf1 Qxf3+ 23. Bf2 Qxh3+ 24. Ke2 Nd5 25. Be4 Nf4+ 26. Kd2 Rfd8+ 27. Kc2
Qxa3 28. bxa3 Bd4 29. Bxa8 Bxf2 30. Nxf2 Rxa8 31. Nd3 Nd5 32. Nb4 Rc8 33. Nxd5
exd5 34. Kd3 h5 35. Kd4 Kg7 36. c6 g5 37. Re5 Kg6 38. c7 g4 39. Rxd5 g3 40. Ke4
g2 41. Rd8 f5+ 42. Kf4 1-0

[Event "Horst- Emscher 2- Listiger Bauer"]
[Site "?"]
[Date "2023.03.19"]
[Round "6.8"]
[White "Konietzka, Bernd"]
[Black "Maurer, Markus"]
[Result "1-0"]
[WhiteElo "2016"]
[BlackElo "1796"]
[PlyCount "87"]
[SourceDate "2022.10.02"]

1. e4 c5 2. Nf3 Nc6 3. d4 cxd4 4. Nxd4 e5 5. Nf3 Nf6 6. Bc4 Bc5 7. O-O O-O 8.
Bg5 h6 9. Bxf6 Qxf6 10. Nc3 d6 11. Nd5 Qd8 12. h3 Be6 13. c3 a6 14. a4 Rc8 15.
Qe2 Ne7 16. Rad1 Ng6 17. Ba2 Nf4 18. Nxf4 Bxa2 19. Nxe5 Qg5 20. Ned3 Bb3 21.
Ra1 Bc4 22. Qf3 Rfd8 23. Rfe1 Bxd3 24. Nxd3 Re8 25. Rad1 b5 26. axb5 axb5 27.
Nf4 b4 28. Nd5 bxc3 29. bxc3 Rb8 30. Rb1 Qe5 31. Rxb8 Rxb8 32. Qf4 Qxf4 33.
Nxf4 Rb3 34. Rc1 Kf8 35. Rc2 Rb1+ 36. Kh2 Re1 37. f3 g6 38. Kg3 Kg7 39. Nd3 Rd1
40. Nb2 Ra1 41. Nc4 Rb1 42. Rd2 Rc1 43. Rd3 Kf6 44. Nxd6 1-0

[Event "Oberhausen 2- Bönen"]
[Site "?"]
[Date "2023.03.19"]
[Round "6.1"]
[White "Schlottmann, Fabian"]
[Black "Joergens, Markus"]
[Result "1-0"]
[WhiteElo "2159"]
[BlackElo "2072"]
[PlyCount "67"]
[SourceDate "2022.10.02"]

1. d4 d5 2. Nf3 c6 3. c4 e6 4. Nc3 dxc4 5. a4 Bb4 6. e3 b5 7. Bd2 a5 8. axb5
Bxc3 9. Bxc3 cxb5 10. b3 Bb7 11. bxc4 b4 12. Bb2 Nf6 13. Bd3 O-O 14. O-O Nbd7
15. Nd2 e5 16. Bc2 Qc7 17. d5 Nb6 18. Bd3 Qe7 19. f4 exf4 20. Bd4 Nbd7 21. Rxf4
Ne5 22. Bc2 Ng6 23. Rxf6 gxf6 24. Qf3 Rfe8 25. Ne4 Ra6 26. Bxf6 Qc7 27. Bd4
Rxe4 28. Qxe4 a4 29. Qe8+ Nf8 30. Bxh7+ Kxh7 31. Qxf8 f6 32. Bxf6 Bc8 33. Bd4
a3 34. Rf1 1-0

[Event "Oberhausen 2- Bönen"]
[Site "?"]
[Date "2023.03.19"]
[Round "6.2"]
[White "Matzat, Andre"]
[Black "Merz, Martin"]
[Result "0-1"]
[WhiteElo "2057"]
[BlackElo "1982"]
[PlyCount "44"]
[SourceDate "2022.10.02"]

1. d4 Nf6 2. Nf3 d5 3. c3 c6 4. Qc2 g6 5. h3 Bg7 6. Bf4 O-O 7. e3 Bf5 8. Qb3
Qb6 9. Nbd2 Ne4 10. g4 Nxd2 11. Nxd2 Bc8 12. e4 dxe4 13. Nxe4 Be6 14. Qc2 Bd5
15. f3 Nd7 16. Bg3 e5 17. dxe5 Bxe4 18. Qxe4 Qxb2 19. Rd1 Qxc3+ 20. Kf2 Nxe5
21. Be2 Rae8 22. Rb1 Nxg4+ 0-1

[Event "Oberhausen 2- Bönen"]
[Site "?"]
[Date "2023.03.19"]
[Round "6.3"]
[White "Helmert, Jochen"]
[Black "Krueger, Andre"]
[Result "1-0"]
[WhiteElo "2002"]
[BlackElo "1950"]
[PlyCount "63"]
[SourceDate "2022.10.02"]

1. e4 c5 2. Nf3 Nc6 3. Bb5 Nf6 4. Bxc6 dxc6 5. d3 Bg4 6. h3 Bxf3 7. Qxf3 Nd7 8.
O-O g6 9. a4 Bg7 10. Na3 O-O 11. Qe2 e5 12. Nc4 Qc7 13. Bd2 b5 14. axb5 cxb5
15. Ne3 Qb7 16. g4 Rfc8 17. g5 Nf8 18. Nd5 Ne6 19. Qg4 Rd8 20. Be3 a5 21. h4 a4
22. h5 Ra6 23. f3 Qd7 24. Qh4 Nc7 25. Nf6+ Bxf6 26. gxf6 Ne6 27. Rf2 Rf8 28.
Rh2 Nd4 29. Rf1 Rc6 30. f4 exf4 31. Qxf4 Qd6 32. Qh6 1-0

[Event "Oberhausen 2- Bönen"]
[Site "?"]
[Date "2023.03.19"]
[Round "6.4"]
[White "Groß, Thomas"]
[Black "Wegner, Stephan"]
[Result "1-0"]
[WhiteElo "2029"]
[BlackElo "1814"]
[PlyCount "81"]
[SourceDate "2022.10.02"]

1. Nf3 Nf6 2. g3 g6 3. b3 Bg7 4. Bb2 O-O 5. Bg2 c5 6. c4 d6 7. d4 d5 8. O-O
dxc4 9. bxc4 cxd4 10. Nxd4 Nc6 11. e3 Ne5 12. Qb3 Nfd7 13. Ba3 Qc7 14. Nc3 Qxc4
15. Nd5 Kh8 16. Rfc1 Qxb3 17. axb3 Nc6 18. Nc7 Nxd4 19. exd4 Rb8 20. Bxe7 Rg8
21. Nb5 a6 22. Nd6 Bxd4 23. Ra4 Bf6 24. Nxf7+ Kg7 25. Bd6 b5 26. Ra2 Rb6 27.
Bc7 Re6 28. Nd6 Rf8 29. Bh3 Re7 30. Kg2 Ne5 31. Nxc8 Nd3 32. Nxe7 Nxc1 33. Rc2
Nxb3 34. Nd5 Nd4 35. Rd2 Nf3 36. Rd1 Bb2 37. Nf4 Ng5 38. Bg4 h5 39. Rd7+ Kh6
40. Bd1 Ne4 41. h4 1-0

[Event "Oberhausen 2- Bönen"]
[Site "?"]
[Date "2023.03.19"]
[Round "6.5"]
[White "Volling, Andreas"]
[Black "Gerst, Michael"]
[Result "1/2-1/2"]
[WhiteElo "1797"]
[BlackElo "1942"]
[PlyCount "21"]
[SourceDate "2022.10.02"]

1. d4 Nf6 2. c4 e6 3. Nf3 Bb4+ 4. Bd2 Qe7 5. e3 b6 6. Bd3 Bb7 7. O-O O-O 8. Re1
Ne4 9. Bxb4 Qxb4 10. Re2 Qe7 11. Qc2 1/2-1/2

[Event "Oberhausen 2- Bönen"]
[Site "?"]
[Date "2023.03.19"]
[Round "6.6"]
[White "Stefaniak, Christian"]
[Black "Beulertz, Stefan"]
[Result "0-1"]
[WhiteElo "2038"]
[BlackElo "1949"]
[PlyCount "112"]
[SourceDate "2022.10.02"]

1. e4 e6 2. d4 d5 3. Nc3 Nc6 4. e5 f6 5. exf6 Nxf6 6. Nf3 a6 7. Be2 Bd6 8. Bg5
O-O 9. a3 Bd7 10. Bh4 Ne7 11. Bg3 Nf5 12. Bxd6 cxd6 13. O-O Bc6 14. Bd3 Nd7 15.
Qe2 Qf6 16. Rad1 Rae8 17. Qd2 h6 18. Ne2 e5 19. Bxf5 Qxf5 20. Ng3 Qf6 21. h3 e4
22. Nh2 Qg6 23. Ng4 h5 24. Ne3 h4 25. Nh1 Nf6 26. b3 Nh5 27. Kh2 Nf4 28. a4 Bd7
29. Rg1 Qh5 30. Rde1 Rf6 31. Qd1 Qg5 32. Ref1 Rg6 33. Re1 Nxh3 34. gxh3 Qf4+
35. Rg3 hxg3+ 36. fxg3 Qh6 37. Nf2 Rf8 38. Nfg4 Bxg4 39. Nxg4 Qg5 40. c4 Qf5
41. cxd5 Qxd5 42. Qc2 Re6 43. Qc3 Qc6 44. Qd2 Qd5 45. Qc3 Ree8 46. Ne3 Qc6 47.
Qd2 Rc8 48. Qa5 b5 49. Re2 Rf3 50. axb5 Qxb5 51. Qe1 Qd3 52. Nc4 Rxg3 53. Nxd6
Rxh3+ 54. Kg1 Qf3 55. Rg2 Rc2 56. Qf1 Rh1+ 0-1

[Event "Oberhausen 2- Bönen"]
[Site "?"]
[Date "2023.03.19"]
[Round "6.7"]
[White "Budde, Uwe"]
[Black "Kraus, Kilian"]
[Result "1/2-1/2"]
[WhiteElo "1731"]
[BlackElo "1763"]
[PlyCount "49"]
[SourceDate "2022.10.02"]

1. e4 c6 2. d4 d5 3. Nc3 dxe4 4. Nxe4 Nf6 5. Nxf6+ exf6 6. Nf3 Bd6 7. Bd3 O-O
8. O-O Bg4 9. h3 Bh5 10. Be3 Nd7 11. g4 Bg6 12. Nh4 Rc8 13. Bf5 Re8 14. Re1 Qc7
15. c3 Rcd8 16. Qf3 Nb6 17. Re2 Re7 18. Rae1 Rde8 19. Bc1 Kf8 20. Be4 Re6 21.
Bf5 Rxe2 22. Rxe2 Rxe2 23. Qxe2 Bf4 24. Bxf4 Qxf4 25. Bxg6 1/2-1/2

[Event "Oberhausen 2- Bönen"]
[Site "?"]
[Date "2023.03.19"]
[Round "6.8"]
[White "Akcapinar, Yavuz"]
[Black "Poppenberg, Lars"]
[Result "1-0"]
[WhiteElo "1784"]
[BlackElo "1571"]
[PlyCount "59"]
[SourceDate "2022.10.02"]

1. e4 e5 2. Nf3 Nc6 3. Bc4 Nf6 4. d3 h6 5. O-O d6 6. h3 Be7 7. Bb3 Na5 8. Nbd2
Nxb3 9. axb3 O-O 10. Re1 c5 11. Nf1 Be6 12. Ng3 Nh7 13. Qe2 Re8 14. Nh2 Qd7 15.
f4 Bh4 16. Qf3 f5 17. exf5 Bxf5 18. fxe5 Ng5 19. Bxg5 hxg5 20. Rf1 Bxg3 21.
Qxg3 Rxe5 22. Nf3 Re2 23. Rac1 Rf8 24. Nxg5 b6 25. Qh4 Qb7 26. Rf3 Bg6 27.
Rxf8+ Kxf8 28. Qh8+ Ke7 29. Qxg7+ Bf7 30. Qxf7+ 1-0

[Event "Annen- Hansa Dortmund 2"]
[Site "?"]
[Date "2023.03.19"]
[Round "6.1"]
[White "Zelt, Jens"]
[Black "Wicht, Juergen"]
[Result "1/2-1/2"]
[WhiteElo "2086"]
[BlackElo "2149"]
[PlyCount "42"]
[SourceDate "2022.10.02"]

1. d4 Nf6 2. Nf3 d5 3. Bf4 c5 4. c3 e6 5. Nbd2 Nc6 6. e3 Bd6 7. Bg3 Bxg3 8.
hxg3 Qd6 9. Bd3 g6 10. Qe2 Bd7 11. e4 dxe4 12. Nxe4 Nxe4 13. Bxe4 cxd4 14. Rd1
Qc5 15. Nxd4 Nxd4 16. Rxd4 Bb5 17. Qe3 Qe7 18. Rb4 Bc6 19. Bxc6+ bxc6 20. Qe4
Rc8 21. g4 Qg5 1/2-1/2

[Event "Annen- Hansa Dortmund 2"]
[Site "?"]
[Date "2023.03.19"]
[Round "6.2"]
[White "Mainka, Gregor"]
[Black "Dawid, Adalbert"]
[Result "0-1"]
[WhiteElo "2210"]
[BlackElo "2120"]
[PlyCount "70"]
[SourceDate "2022.10.02"]

1. Nf3 Nf6 2. g3 d5 3. Bg2 g6 4. c4 c6 5. Qa4 dxc4 6. Qxc4 Bg7 7. O-O Nbd7 8.
Qc2 e5 9. b3 O-O 10. Bb2 Re8 11. e4 c5 12. Nc3 b6 13. Nb5 Ba6 14. a4 Nh5 15.
Rfe1 Nb8 16. b4 Bxb5 17. axb5 Nd7 18. bxc5 bxc5 19. Ra6 Qe7 20. Rea1 Nb6 21.
Bf1 f6 22. Qb3+ Kh8 23. Qa2 Qb7 24. Bg2 Re7 25. Qb3 Bf8 26. R1a5 Rc7 27. d3 c4
28. dxc4 Nxc4 29. Ra4 Nxb2 30. Qxb2 Bc5 31. Bf1 Bb6 32. Bc4 Qxe4 33. Qb3 Rd8
34. Bf1 Qd5 35. Qxd5 Rxd5 0-1

[Event "Annen- Hansa Dortmund 2"]
[Site "?"]
[Date "2023.03.19"]
[Round "6.3"]
[White "Lin, Yi"]
[Black "Dahlbeck, Mirko"]
[Result "0-1"]
[WhiteElo "1839"]
[BlackElo "2032"]
[PlyCount "60"]
[SourceDate "2022.10.02"]

1. e4 c5 2. Nf3 Nc6 3. Bb5 g6 4. Bxc6 dxc6 5. h3 Bg7 6. O-O Qc7 7. d3 e5 8. Nc3
Nf6 9. Be3 b6 10. Qd2 Nh5 11. Bh6 f6 12. Bxg7 Qxg7 13. Ne2 g5 14. Nh2 Rg8 15.
c3 Nf4 16. Qe3 Be6 17. b3 O-O-O 18. Rad1 h5 19. Rd2 f5 20. Ng3 Nxh3+ 21. gxh3
f4 22. Qf3 g4 23. hxg4 hxg4 24. Qg2 f3 25. Nxf3 gxf3 26. Qxf3 Rdf8 27. Qg2 Rh8
28. Ne2 Qxg2+ 29. Kxg2 Bh3+ 30. Kg1 Rhg8+ 0-1

[Event "Annen- Hansa Dortmund 2"]
[Site "?"]
[Date "2023.03.19"]
[Round "6.4"]
[White "Al Ali, Mohammad"]
[Black "Werner, Patrick"]
[Result "1/2-1/2"]
[WhiteElo "1833"]
[BlackElo "1882"]
[PlyCount "42"]
[SourceDate "2022.10.02"]

1. Nf3 Nf6 2. e3 g6 3. c4 Bg7 4. Nc3 O-O 5. d4 d6 6. Be2 Nbd7 7. O-O e5 8. e4
c6 9. h3 Re8 10. d5 Nc5 11. Qc2 a5 12. Be3 Qc7 13. Rfd1 h6 14. Bxc5 dxc5 15. d6
Qd8 16. Na4 b6 17. Qb3 Nd7 18. Nh2 Rf8 19. Bf3 Bb7 20. Rac1 Rb8 21. Qa3 Kh8
1/2-1/2

[Event "Annen- Hansa Dortmund 2"]
[Site "?"]
[Date "2023.03.19"]
[Round "6.5"]
[White "Schaepers, Lars"]
[Black "Herrmann, Uwe"]
[Result "1/2-1/2"]
[WhiteElo "1806"]
[BlackElo "2000"]
[PlyCount "48"]
[SourceDate "2022.10.02"]

1. d4 Nf6 2. c4 g6 3. Nf3 Bg7 4. Nc3 O-O 5. g3 d6 6. Bg2 Nbd7 7. O-O e5 8. dxe5
dxe5 9. Bg5 h6 10. Be3 Re8 11. Qc1 Kh7 12. Qc2 c6 13. Rad1 Qe7 14. a3 Ng4 15.
Bc1 a5 16. Ne4 Nc5 17. Nxc5 Qxc5 18. h3 Nf6 19. Be3 Qe7 20. Nd2 Bf5 21. Qb3 a4
22. Qb4 Qc7 23. Nb1 Bf8 24. Bc5 Bxb1 1/2-1/2

[Event "Annen- Hansa Dortmund 2"]
[Site "?"]
[Date "2023.03.19"]
[Round "6.6"]
[White "Hartung, Thomas"]
[Black "Faymonville, Maxime"]
[Result "1-0"]
[WhiteElo "1912"]
[BlackElo "1587"]
[PlyCount "147"]
[SourceDate "2022.10.02"]

1. e4 e6 2. d4 d5 3. Nc3 Nf6 4. Bg5 Be7 5. e5 Nfd7 6. h4 Nb6 7. Qg4 Bxg5 8.
hxg5 g6 9. Bd3 Nc6 10. a3 Bd7 11. Nf3 Ne7 12. Qf4 Nc6 13. Rh6 Qe7 14. O-O-O
O-O-O 15. Rdh1 Rdf8 16. Rxh7 Rxh7 17. Rxh7 Na5 18. Qh4 Qe8 19. Nh2 Kb8 20. Ng4
Bc8 21. Nh6 Nc6 22. Bb5 Bd7 23. Bxc6 Bxc6 24. Qf4 Qe7 25. Rxf7 Rxf7 26. Nxf7
Be8 27. Nh6 Nc4 28. Qf6 Qd7 29. Ng8 a6 30. Qf8 Qf7 31. Qxf7 Bxf7 32. Nh6 Be8
33. Ne2 Kc8 34. Ng4 Kd8 35. Nf6 Bf7 36. a4 Ke7 37. b3 Na5 38. Ng4 Be8 39. Nf4
Bf7 40. Nh6 Be8 41. g3 Nc6 42. c3 Nd8 43. Kd2 Nc6 44. Ng2 Kf8 45. Nh4 Kg7 46.
Ng4 Bf7 47. Ne3 Be8 48. f4 Ne7 49. g4 Bd7 50. Nf1 Kf7 51. Ng3 Kg7 52. Ke3 Kf7
53. f5 Be8 54. Kf4 b6 55. fxg6+ Kg8 56. Ngf5 Nxg6+ 57. Nxg6 Bxg6 58. Ne7+ Kg7
59. Nxg6 Kxg6 60. b4 c6 61. Kf3 Kxg5 62. Kg3 a5 63. bxa5 bxa5 64. Kh3 Kg6 65.
Kh4 Kh6 66. g5+ Kg6 67. Kg4 Kf7 68. Kh5 Kg7 69. g6 Kg8 70. Kh6 Kh8 71. g7+ Kg8
72. Kg6 c5 73. dxc5 d4 74. c6 1-0

[Event "Annen- Hansa Dortmund 2"]
[Site "?"]
[Date "2023.03.19"]
[Round "6.7"]
[White "Vojdani, Bahram"]
[Black "Jeschke, Holger"]
[Result "1/2-1/2"]
[WhiteElo "1695"]
[BlackElo "1911"]
[PlyCount "31"]
[SourceDate "2022.10.02"]

1. e4 c6 2. d4 d5 3. exd5 cxd5 4. Bd3 Nc6 5. c3 Nf6 6. Bf4 Bg4 7. Qb3 Qd7 8.
Nd2 e6 9. Ngf3 Bxf3 10. Nxf3 Be7 11. O-O O-O 12. Rfe1 a6 13. a4 Bd6 14. Bxd6
Qxd6 15. h3 h6 16. Ne5 1/2-1/2

[Event "Annen- Hansa Dortmund 2"]
[Site "?"]
[Date "2023.03.19"]
[Round "6.8"]
[White "Heile, Dennis"]
[Black "Zhang, Jingfu"]
[Result "1/2-1/2"]
[WhiteElo "1632"]
[BlackElo "1663"]
[PlyCount "44"]
[SourceDate "2022.10.02"]

1. Nf3 d5 2. d3 Nf6 3. g3 e6 4. Nbd2 c5 5. e4 Nc6 6. Bg2 Be7 7. O-O O-O 8. h3
b5 9. c3 a5 10. Re1 Qc7 11. Qe2 dxe4 12. dxe4 Ba6 13. e5 Nd7 14. Nf1 b4 15. c4
Rad8 16. Qe4 Bb7 17. Ng5 Bxg5 18. Bxg5 Rb8 19. Bf4 Nd4 20. Qd3 Bxg2 21. Kxg2
Qc6+ 22. Qe4 Qxe4+ 1/2-1/2

[Event "Hamm- Buer"]
[Site "?"]
[Date "2023.03.19"]
[Round "6.1"]
[White "Hammerich, Simon"]
[Black "Spyrou, Emmanouil"]
[Result "1/2-1/2"]
[WhiteElo "2021"]
[BlackElo "2169"]
[PlyCount "62"]
[SourceDate "2022.10.02"]

1. d4 g6 2. c4 Bg7 3. e4 d6 4. Nf3 e5 5. Nc3 Nc6 6. dxe5 dxe5 7. Nd5 Bg4 8. Be2
Bxf3 9. Bxf3 Nd4 10. O-O c6 11. Nc3 Nf6 12. b4 O-O 13. Be3 Ne8 14. Rc1 Nc7 15.
a4 Qe7 16. b5 Rad8 17. bxc6 bxc6 18. Bg4 Na6 19. Kh1 Nc5 20. Rb1 f5 21. exf5
gxf5 22. Bh3 Qh4 23. f4 e4 24. Ne2 Nd3 25. Rb7 Ne6 26. Qc2 Bd4 27. Nxd4 Nxd4
28. Qc3 c5 29. Qa5 Ne6 30. Qxa7 Ndxf4 31. Bxc5 Nxc5 1/2-1/2

[Event "Hamm- Buer"]
[Site "?"]
[Date "2023.03.19"]
[Round "6.2"]
[White "Schlaap, Ralf"]
[Black "Wolff, Christoph"]
[Result "1/2-1/2"]
[WhiteElo "2119"]
[BlackElo "1986"]
[PlyCount "74"]
[SourceDate "2022.10.02"]

1. d4 Nf6 2. c4 g6 3. Nc3 d5 4. Nf3 Bg7 5. Qb3 dxc4 6. Qxc4 O-O 7. e4 a6 8. Qb3
b5 9. e5 Nfd7 10. e6 fxe6 11. Ng5 Nb6 12. Nxe6 Bxe6 13. Qxe6+ Kh8 14. Be3 Qd6
15. Qxd6 exd6 16. Be2 N8d7 17. O-O Rae8 18. a3 Nf6 19. Rfe1 Nfd5 20. Nxd5 Nxd5
21. Bf1 Nxe3 22. fxe3 Bh6 23. e4 Bg7 24. Rad1 Rf4 25. e5 dxe5 26. dxe5 Bxe5 27.
g3 Rff8 28. b3 Bd4+ 29. Kh1 c5 30. Rxe8 Rxe8 31. a4 Re3 32. axb5 axb5 33. b4
Rb3 34. bxc5 Bxc5 35. Rd5 Rb1 36. Kg2 Rb2+ 37. Kh1 Rb1 1/2-1/2

[Event "Hamm- Buer"]
[Site "?"]
[Date "2023.03.19"]
[Round "6.3"]
[White "Wiechen, Ulrich"]
[Black "Voss, Hubertus"]
[Result "1-0"]
[WhiteElo "2156"]
[BlackElo "2161"]
[PlyCount "81"]
[SourceDate "2022.10.02"]

1. e4 c6 2. d4 d5 3. Nc3 dxe4 4. Nxe4 Bf5 5. Ng3 Bg6 6. N1e2 e6 7. h4 h6 8. Nf4
Bh7 9. c3 Nf6 10. Bd3 Bxd3 11. Qxd3 Nbd7 12. Be3 Qa5 13. a4 Bd6 14. b4 Qc7 15.
Nfe2 O-O 16. O-O Rfe8 17. Rfd1 Rad8 18. Rab1 Nd5 19. c4 Nxe3 20. Qxe3 Bxg3 21.
Nxg3 Nf6 22. Ne4 Nxe4 23. Qxe4 e5 24. d5 cxd5 25. cxd5 Qd6 26. Rbc1 Rc8 27. Re1
Rxc1 28. Rxc1 Rd8 29. Rd1 f6 30. Qc4 Kh8 31. a5 f5 32. g3 e4 33. Qc5 g6 34. Kg2
Kg7 35. Qd4+ Kf7 36. b5 b6 37. axb6 axb6 38. Rc1 Rd7 39. Rc6 Qe7 40. Rxb6 Rd8
41. Re6 1-0

[Event "Hamm- Buer"]
[Site "?"]
[Date "2023.03.19"]
[Round "6.4"]
[White "Hufelschulte, Norbert"]
[Black "Winzbeck, Frank"]
[Result "1/2-1/2"]
[WhiteElo "2072"]
[BlackElo "1867"]
[PlyCount "60"]
[SourceDate "2022.10.02"]

1. d4 Nf6 2. c4 e6 3. Nc3 Bb4 4. Qc2 c5 5. dxc5 O-O 6. a3 Bxc5 7. Nf3 Nc6 8.
Bg5 h6 9. Bd2 d5 10. e3 d4 11. exd4 Nxd4 12. Nxd4 Qxd4 13. Be3 Qe5 14. Qe2 Bxe3
15. Qxe3 Qxe3+ 16. fxe3 Ng4 17. Nd1 b6 18. Be2 Ne5 19. Nc3 Rd8 20. Rd1 Ba6 21.
b3 Rxd1+ 22. Kxd1 Bb7 23. Rg1 Rd8+ 24. Kc2 Kf8 25. g3 Bf3 26. Rd1 Rxd1 27. Kxd1
Ke7 28. Nb5 a6 29. Nd4 Be4 30. Kd2 Kd6 1/2-1/2